|
|
|
|
| LEADER |
00000nta a2200000 i 4500 |
| 001 |
dolg2577 |
| 005 |
20160211123954.0 |
| 008 |
160211suuuu hu om 000 hun d |
| 040 |
|
|
|a BGE Dolgozattár Repozitórium
|b hun
|
| 041 |
|
|
|a hu
|
| 100 |
1 |
|
|a Szádóczki Melinda Krisztina
|
| 245 |
1 |
2 |
|a A Biolab Zrt. marketingstratégiája
|c Szádóczki Melinda Krisztina
|h [elektronikus dokumentum]
|
| 695 |
|
|
|a Marketingstratégia
|
| 695 |
|
|
|a Mikrobiológia
|
| 700 |
1 |
|
|a Kopcsay dr. László
|e ths
|
| 856 |
4 |
0 |
|u http://dolgozattar.uni-bge.hu/2577/1/SZAKDOLGOZAT_A%20Biolab%20Zrt.%20marketingstrat%C3%A9gi%C3%A1ja_SZ%C3%81D%C3%93CZKI%20MELINDA%20KRISZTINA_SM044M.pdf
|z Dokumentum-elérés
|
| 856 |
4 |
0 |
|u http://dolgozattar.uni-bge.hu/2577/2/Titkos%C3%ADt%C3%A1si%20k%C3%A9relem-SM044M.pdf
|z Dokumentum-elérés
|